Recommandations aux auteurs et abriviations des piriodiques pour les Publications de l'Institut francais d'archiologie orientale du Caire :

محفوظ في:

المؤلف الرئيسي: IFAO.

التنسيق: كتاب

اللغة: Undetermined

منشور في: Le Caire : IFAO, 1991.

الموضوعات:

الوسوم: إضافة وسم

لا توجد وسوم, كن أول من يضع وسما على هذه التسجيلة!

رقم الطلب: (Ref.) Z3015 .I58

LEADER 00806nam a2200169Ia 4500
008 220712s9999||||xx |||||||||||||| ||und||
050 4 |a (Ref.) Z3015 .I58 
100 1 |a IFAO. 
245 1 0 |a Recommandations aux auteurs et abriviations des piriodiques pour les Publications de l'Institut francais d'archiologie orientale du Caire : 
264 1 |a Le Caire :  |b IFAO,  |c 1991. 
300 |a 114p. :  |b  ;  |c 21cm. 
504 |a Includes bibliographical references. 
555 4 |o (Ref.) Z3015 .I58 
650 4 |a Middle East Periodicals Abbreviations. 
952 |0 0  |1 0  |2 lcc  |4 0  |7 1  |9 41873  |a ARCE  |b ARCE  |d 2022-07-21  |l 0  |o (Ref.) Z3015 .I58 1993  |p 1038559  |r 2022-07-21 00:00:00  |w 2022-07-21  |y BK 
952 |0 0  |1 0  |2 lcc  |4 0  |7 1  |9 50690  |a ARCE  |b ARCE  |d 2023-10-17  |l 0  |o (Ref.) Z3015 .I58 1991  |p 1038560  |r 2023-10-17 00:00:00  |w 2023-10-17 
999 |c 48852  |d 48852